The ten greatest sayings of Jesus. (Record no. 5061)

000 -LEADER
fixed length control field 00608nam a2200181 a 4500
001 - CONTROL NUMBER
control field :::00002802$&:&@@
003 - CONTROL NUMBER IDENTIFIER
control field OkBaRHE
005 - DATE AND TIME OF LATEST TRANSACTION
control field 20000607103257.0
008 - FIXED-LENGTH DATA ELEMENTS--GENERAL INFORMATION
fixed length control field s1927 j 000 0 eng u
040 ## - CATALOGING SOURCE
Transcribing agency
100 1# - MAIN ENTRY--PERSONAL NAME
Personal name Massee, J. C. (Jasper Cortenus), 1871-
245 14 - TITLE STATEMENT
Title The ten greatest sayings of Jesus.
260 ## - PUBLICATION, DISTRIBUTION, ETC. (IMPRINT)
Place of publication, distribution, etc Nashville, TN., :
Name of publisher, distributor, etc Sunday School Board of the Southern Baptist Convention
Date of publication, distribution, etc c1927
300 ## - PHYSICAL DESCRIPTION
Extent 161 p. ;
Dimensions 20 cm.
650 ## - SUBJECT ADDED ENTRY--TOPICAL TERM
Topical term or geographic name as entry element Jesus Christ
General subdivision Teachings
942 ## - ADDED ENTRY ELEMENTS (KOHA)
Source of classification or shelving scheme
Koha item type Books
Copies
Copy number Koha item type Damaged status Date acquired Date last seen Source of classification or shelving scheme Lost status Price effective from Not for loan Withdrawn status Permanent Location Shelving location Barcode Full call number
1Books 2010-04-142018-03-16  2010-04-14  RHEMA Bible Training CollegeGeneral Stacks2802BS 2417 .M291